[Event "Hong Kong-ch prel"]
[Site "Hong Kong"]
[Date "2016.02.29"]
[Round "8"]
[White "Galicia, Eugenio Jr"]
[Black "Tang, Tsz Sang"]
[Result "1-0"]
[WhiteElo "1634"]
[BlackElo "1808"]
[PlyCount "139"]
[EventDate "2016.01.04"]
[EventType "swiss"]
[EventRounds "11"]
[EventCountry "HKG"]
[SourceTitle "EXT 2017"]
[Source "ChessBase"]
[SourceDate "2016.10.25"]
[SourceVersion "1"]
[SourceVersionDate "2016.10.25"]
[SourceQuality "1"]

1. e4 d6 2. d4 Nf6 3. Bd3 c5 4. d5 c4 5. Bxc4 Nxe4 6. f3 Qa5+ 7. c3 Nf6 8. Be3 g6 9. Ne2 Bg7 10. Na3 0-0 11. Qd2 Nbd7 12. 0-0-0 a6 13. h4 h5 14. Kb1 b5 15. Bb3 Nc5 16. Bc2 Bd7 17. Nf4 Rfc8 18. Nh3 Na4 19. Bd4 Rab8 20. Bb3 b4 21. Nc4 bxc3 22. Nxa5 cxd2 23. Rxd2 Bf5+ 24. Ka1 Nc5 25. Bc4 Rb4 26. b3 Bd7 27. Nf2 Rbb8 28. Re1 Bf8 29. Ne4 Nfxe4 30. fxe4 Bh6 31. Rf2 f6 32. g3 Rc7 33. Rc2 Kg7 34. a3 Rbc8 35. Ka2 Nd3 36. Rd1 Nc5 37. Re1 Nd3 38. Rd1 Nc5 39. Re1 Kf8 40. Be3 Bxe3 41. Rxe3 Kg7 42. Ree2 Bg4 43. Re3 Bd7 44. Be2 Kf8 45. Rec3 g5 46. b4 gxh4 47. gxh4 Bg4 48. Bxg4 hxg4 49. bxc5 dxc5 50. Nc6 Rb7 51. Rg3 e6 52. Rxg4 exd5 53. exd5 Re8 54. Rcg2 f5 55. Rg8+ Kf7 56. R8g7+ Kf6 57. Rxb7 Rc8 58. h5 f4 59. h6 f3 60. Rf2 Kf5 61. Rxf3+ Ke4 62. Rg3 Kxd5 63. Ne7+ Kd4 64. Nxc8 c4 65. h7 c3 66. h8Q+ Ke4 67. Qh4+ Kd5 68. Rg5+ Kc6 69. Rh7 c2 70. Qh6# 1-0

[Event "Hong Kong-ch prel"]
[Site "Hong Kong"]
[Date "2016.01.25"]
[Round "4"]
[White "Tai, Tak Yu"]
[Black "Galicia, Eugenio Jr"]
[Result "0-1"]
[WhiteElo "1324"]
[BlackElo "1634"]
[PlyCount "88"]
[EventDate "2016.01.04"]
[EventType "swiss"]
[EventRounds "11"]
[EventCountry "HKG"]
[SourceTitle "EXT 2017"]
[Source "ChessBase"]
[SourceDate "2016.10.25"]
[SourceVersion "1"]
[SourceVersionDate "2016.10.25"]
[SourceQuality "1"]

1. e4 d5 2. exd5 Nf6 3. d4 Nxd5 4. Be2 Nc6 5. c3 e6 6. Nf3 Bd6 7. c4 Nf4 8. Bxf4 Bxf4 9. Nc3 0-0 10. a3 a6 11. Qd3 Re8 12. 0-0 g6 13. g3 Bh6 14. d5 exd5 15. Nxd5 Bf5 16. Qd1 Bg7 17. Qd2 Ne5 18. Rfe1 c6 19. Nd4 cxd5 20. Nxf5 gxf5 21. cxd5 Qd6 22. f4 Ng4 23. Bf3 Qb6+ 24. Kh1 Nf2+ 25. Kg2 Ne4 26. Bxe4 Rxe4 27. Rxe4 fxe4 28. Re1 Qxb2 29. Re2 Qxd2 30. Rxd2 Rd8 31. Kf2 b5 32. Ke3 f5 33. h3 Kf7 34. g4 Kf6 35. d6 Bf8 36. d7 Bc5+ 37. Ke2 Bxa3 38. Rd5 fxg4 39. hxg4 Ke6 40. Re5+ Kxd7 41. f5 Re8 42. Rd5+ Ke7 43. Rd1 Kf6 44. Rd6+ Bxd6 0-1

[Event "Hong Kong-ch prel"]
[Site "Hong Kong"]
[Date "2014.02.17"]
[Round "6"]
[White "Borigas, Edgardo"]
[Black "Galicia, Eugenio Jr"]
[Result "1-0"]
[WhiteElo "1884"]
[BlackElo "1671"]
[PlyCount "79"]
[EventDate "2014.01.06"]
[EventType "swiss"]
[EventRounds "9"]
[EventCountry "HKG"]
[SourceTitle "EXT 2015"]
[Source "ChessBase"]
[SourceDate "2014.11.20"]
[SourceVersion "1"]
[SourceVersionDate "2014.11.20"]
[SourceQuality "1"]

1. d4 Nf6 2. c4 e5 3. dxe5 Ng4 4. Qd4 d6 5. exd6 Bxd6 6. Nc3 0-0 7. Nf3 Nc6 8. Qd1 Bd7 9. e3 Nge5 10. Be2 Be6 11. b3 Bb4 12. Bd2 Nxf3+ 13. Bxf3 Ne5 14. Be2 Nd3+ 15. Bxd3 Qxd3 16. Qe2 Qg6 17. 0-0 Bh3 18. Qf3 Bd7 19. Nd5 Bd6 20. Nf4 Qh6 21. g3 Bc6 22. Nd5 Rfe8 23. Rad1 Re5 24. e4 Qh3 25. Rfe1 Rae8 26. Bc3 Rh5 27. Qg2 Qg4 28. f3 Qg6 29. Bd4 Bd7 30. c5 Bh3 31. Qf2 c6 32. Nf6+ gxf6 33. cxd6 a6 34. Qb2 Kg7 35. g4 Rg5 36. Kh1 Rd8 37. d7 Bxg4 38. fxg4 Rxg4 39. Bb6 Rxe4 40. Rg1 1-0

[Event "Hong Kong-ch qual"]
[Site "Hong Kong"]
[Date "2013.03.25"]
[Round "8"]
[White "Galicia, Eugenio Jr"]
[Black "Yeung, Chun Keung"]
[Result "0-1"]
[WhiteElo "1686"]
[BlackElo "1876"]
[PlyCount "72"]
[EventDate "2013.01.28"]
[EventType "swiss"]
[EventRounds "9"]
[EventCountry "HKG"]
[SourceTitle "EXT 2015"]
[Source "ChessBase"]
[SourceDate "2014.11.20"]
[SourceVersion "1"]
[SourceVersionDate "2014.11.20"]
[SourceQuality "1"]

1. e4 Nf6 2. e5 Nd5 3. c4 Nb6 4. d4 d6 5. f4 dxe5 6. fxe5 Bf5 7. Nf3 Nc6 8. a3 e6 9. h3 Be7 10. Nc3 Bh4+ 11. Ke2 Nxc4 12. g4 Bg6 13. g5 Bh5 14. Bg2 Nxd4+ 15. Kf1 Nxf3 16. Qa4+ c6 17. Qxc4 Bxg5 18. Bxf3 Bxf3 19. Rg1 Bxc1 20. Rxc1 Qd2 21. Re1 0-0 22. Rg3 Bh5 23. Ne4 Qf4+ 24. Kg2 Qxe5 25. Rf1 Bg6 26. Nc5 Rfd8 27. Rf2 Qd5+ 28. Qxd5 Rxd5 29. Nxb7 Rb8 30. Rb3 h6 31. a4 Be4+ 32. Kh2 Rd4 33. Nc5 Rxb3 34. Nxb3 Rxa4 35. Nc5 Rc4 36. Nd7 Rc2 0-1

[Event "Hong Kong-ch qual"]
[Site "Hong Kong"]
[Date "2013.02.25"]
[Round "4"]
[White "Galicia, Eugenio Jr"]
[Black "Hatibie, Taufan Ariq H"]
[Result "0-1"]
[WhiteElo "1686"]
[BlackElo "1619"]
[PlyCount "120"]
[EventDate "2013.01.28"]
[EventType "swiss"]
[EventRounds "9"]
[EventCountry "HKG"]
[SourceTitle "EXT 2015"]
[Source "ChessBase"]
[SourceDate "2014.11.20"]
[SourceVersion "1"]
[SourceVersionDate "2014.11.20"]
[SourceQuality "1"]

1. e4 c5 2. Nf3 g6 3. d4 cxd4 4. Qxd4 Nf6 5. Nc3 Nc6 6. Qd1 d6 7. Be2 Bg7 8. h3 Bd7 9. Be3 0-0 10. Qd2 Qa5 11. a3 Rac8 12. 0-0 Rfd8 13. Bh6 Ne5 14. Nxe5 Qxe5 15. Bd3 Bc6 16. Bf4 Qa5 17. Be3 Nh5 18. f4 Bxc3 19. bxc3 Ng3 20. f5 Nxe4 21. Bxe4 Bxe4 22. Bd4 Bxf5 23. Qg5 f6 24. Qg3 Rf8 25. Rf2 Kh8 26. Qe3 e5 27. Bxa7 Qxc3 28. Rd1 Qxe3 29. Bxe3 Rc6 30. Bh6 Rf7 31. Rfd2 Rd7 32. c4 Kg8 33. c5 Rxc5 34. Rxd6 Rxd6 35. Rxd6 Kf7 36. Rd8 Rc8 37. Rd2 g5 38. g4 Rc1+ 39. Kf2 Rc2 40. Rxc2 Bxc2 41. h4 gxh4 42. Kg2 Kg6 43. Bd2 h5 44. Kh3 Bd1 45. gxh5+ Kxh5 46. Be1 Bg4+ 47. Kh2 b5 48. Bc3 Be2 49. Kh3 Bf1+ 50. Kh2 Kg4 51. Be1 e4 52. Bc3 f5 53. Kg1 Bd3 54. Kg2 f4 55. Bd4 e3 56. Kh2 Bf5 57. Bc5 Kf3 58. Kg1 Kg3 59. Bb4 f3 60. Bd6+ Kh3 0-1

[Event "Hong Kong-ch qual"]
[Site "Hong Kong"]
[Date "2011.03.07"]
[Round "8"]
[White "Galicia, Eugenio Jr"]
[Black "Lai, Robin"]
[Result "0-1"]
[WhiteElo "1697"]
[BlackElo "1892"]
[PlyCount "72"]
[EventDate "2011.01.10"]
[EventType "swiss"]
[EventRounds "9"]
[EventCountry "HKG"]
[SourceTitle "EXT 2024"]
[Source "ChessBase"]
[SourceDate "2023.10.10"]
[SourceVersion "1"]
[SourceVersionDate "2023.10.10"]
[SourceQuality "1"]

1. e4 d6 2. d4 Nf6 3. Nc3 g6 4. Bc4 Bg7 5. f4 0-0 6. Nf3 c6 7. 0-0 b5 8. Bd3 Qb6 9. Kh1 Bg4 10. Be3 Nh5 11. a4 e5 12. a5 Qc7 13. fxe5 dxe5 14. d5 b4 15. Na4 cxd5 16. exd5 Nd7 17. Be2 Rac8 18. c4 bxc3 19. Nxc3 Rb8 20. Nb5 Rxb5 21. Bxb5 e4 22. Qa4 exf3 23. Rac1 Ng3+ 24. hxg3 Qxg3 25. Qc2 Be5 26. gxf3 Bxf3+ 27. Rxf3 Qxf3+ 28. Qg2 Qxe3 29. Rb1 Nf6 30. b4 Ne4 31. Bc6 Ng3+ 32. Kh2 Nh5+ 33. Kh1 Nf4 34. Qf1 Qe4+ 35. Kh2 Ng2+ 36. Kg1 Ne3 0-1

[Event "Hong Kong-ch qual"]
[Site "Hong Kong"]
[Date "2011.02.14"]
[Round "5"]
[White "Borigas, Edgardo"]
[Black "Galicia, Eugenio Jr"]
[Result "1-0"]
[WhiteElo "2013"]
[BlackElo "1697"]
[PlyCount "54"]
[EventDate "2011.01.10"]
[EventType "swiss"]
[EventRounds "9"]
[EventCountry "HKG"]
[SourceTitle "EXT 2024"]
[Source "ChessBase"]
[SourceDate "2023.10.10"]
[SourceVersion "1"]
[SourceVersionDate "2023.10.10"]
[SourceQuality "1"]

1. d4 Nf6 2. c4 g6 3. Nc3 d6 4. e4 Bg7 5. Bd3 c5 6. d5 Nbd7 7. f4 Nb6 8. h3 a6 9. Nf3 Nh5 10. 0-0 Ng3 11. Re1 h5 12. Kh2 h4 13. Be3 e5 14. Qd2 Bd7 15. fxe5 dxe5 16. Bxc5 Qc7 17. b4 0-0-0 18. a4 Bh6 19. Qf2 Na8 20. d6 Be6 21. dxc7 Rxd3 22. Nd5 Nxc7 23. Nxe5 Rd2 24. Qf6 Re8 25. Ba7 Bxd5 26. cxd5 Rc2 27. d6 Re6 1-0

[Event "Hong Kong-ch"]
[Site "Hong Kong"]
[Date "2009.06.08"]
[Round "9"]
[White "Masters, Christopher"]
[Black "Galicia, Eugenio Jr"]
[Result "1/2-1/2"]
[WhiteElo "1822"]
[BlackElo "1729"]
[PlyCount "102"]
[EventDate "2009.03.23"]
[EventType "tourn"]
[EventRounds "11"]
[EventCountry "HKG"]
[SourceTitle "EXT 2012"]
[Source "ChessBase"]
[SourceDate "2011.11.24"]
[SourceVersion "1"]
[SourceVersionDate "2011.11.24"]
[SourceQuality "1"]

1. e4 e5 2. Nf3 Nc6 3. Bb5 a6 4. Ba4 Nf6 5. 0-0 Be7 6. Re1 b5 7. Bb3 0-0 8. a4 b4 9. d3 d6 10. h3 Nd4 11. Nxd4 exd4 12. Nd2 Be6 13. Bxe6 fxe6 14. Nf3 e5 15. b3 h6 16. Bd2 a5 17. Qe2 Nh7 18. Rf1 Ng5 19. Bxg5 Bxg5 20. Rad1 Qf6 21. Nh2 Bf4 22. g3 Qg6 23. Qg4 Qxg4 24. Nxg4 Bg5 25. h4 Be7 26. Kg2 Rf7 27. Rd2 Kh7 28. f3 Raf8 29. Rff2 h5 30. Nh2 Rf6 31. Rd1 Rg6 32. Kh3 Kh6 33. f4 Rgf6 34. Rdf1 g6 35. Rf3 Kg7 36. R1f2 c6 37. Nf1 d5 38. Nd2 exf4 39. Rxf4 Rxf4 40. Rxf4 Bf6 41. Nf3 Re8 42. Nd2 g5 43. Rf2 g4+ 44. Kg2 Kg6 45. Kf1 Bg7 46. Re2 Bh6 47. exd5 Rf8+ 48. Rf2 Rxf2+ 49. Kxf2 cxd5 50. Nf1 Kf6 51. Ke2 Ke5 1/2-1/2

[Event "Hong Kong-ch"]
[Site "Hong Kong"]
[Date "2009.04.06"]
[Round "3"]
[White "Tsang, Hon Ki"]
[Black "Galicia, Eugenio Jr"]
[Result "1-0"]
[WhiteElo "2105"]
[BlackElo "1729"]
[PlyCount "47"]
[EventDate "2009.03.23"]
[EventType "tourn"]
[EventRounds "11"]
[EventCountry "HKG"]
[SourceTitle "EXT 2012"]
[Source "ChessBase"]
[SourceDate "2011.11.24"]
[SourceVersion "1"]
[SourceVersionDate "2011.11.24"]
[SourceQuality "1"]

1. e4 d6 2. d4 Nf6 3. Nc3 g6 4. Be2 Bg7 5. Be3 0-0 6. g4 Nbd7 7. g5 Ne8 8. h4 e5 9. Nf3 f5 10. h5 f4 11. Bc4+ Kh8 12. hxg6 h6 13. gxh6 fxe3 14. hxg7+ Kxg7 15. Rh7+ Kxg6 16. Nh4+ Qxh4 17. Rxh4 exf2+ 18. Kd2 Ndf6 19. Qf3 exd4 20. Qg3+ Bg4 21. Rxg4+ Nxg4 22. Qxg4+ Kf6 23. Nd5+ Ke5 24. Qh5+ 1-0

[Event "Hong Kong-ch"]
[Site "Hong Kong"]
[Date "2009.03.30"]
[Round "2"]
[White "Galicia, Eugenio Jr"]
[Black "Chong, Chor Yuen"]
[Result "0-1"]
[WhiteElo "1729"]
[BlackElo "2025"]
[PlyCount "58"]
[EventDate "2009.03.23"]
[EventType "tourn"]
[EventRounds "11"]
[EventCountry "HKG"]
[SourceTitle "EXT 2012"]
[Source "ChessBase"]
[SourceDate "2011.11.24"]
[SourceVersion "1"]
[SourceVersionDate "2011.11.24"]
[SourceQuality "1"]

1. e4 c5 2. Nf3 d6 3. d4 cxd4 4. Nxd4 Nf6 5. Nc3 a6 6. a4 b6 7. h3 Bb7 8. Bd3 g6 9. f4 Bg7 10. Be3 Nbd7 11. Nf3 Qc7 12. g4 0-0 13. f5 d5 14. exd5 Nxd5 15. Nxd5 Bxd5 16. c3 Qg3+ 17. Bf2 Qxf3 18. Qxf3 Bxf3 19. Rg1 Nc5 20. Bc4 Rfd8 21. fxg6 hxg6 22. Rg3 Nd3+ 23. Bxd3 Rxd3 24. Bxb6 Be5 25. Rg1 Bh2 26. Rf1 Bg3+ 27. Bf2 Re3+ 28. Kd2 Re2+ 29. Kd3 Bxf2 0-1